| 000 | 00683nmm a2200265 a 4500 | ||
|---|---|---|---|
| 003 | AR-BaBNM | ||
| 005 | 20251128205238.0 | ||
| 008 | 307019s1986 ||||||||||||||000 | spa|| | ||
| 020 | _a950-22-0243-0 | ||
| 040 | _cAR-BaBNM | ||
| 100 | 1 | _aSchafer, R. Murray | |
| 245 | 1 | 0 | _aEl compositor en el aula |
| 250 | _a1ยช ed. | ||
| 260 |
_aBuenos Aires _bRicordi _c1986 |
||
| 300 | 0 |
_a47 p. _bil. |
|
| 650 | 4 | _aEDUCACION MUSICAL | |
| 650 | 4 | _aACUSTICA | |
| 650 | 4 | _aCOMPOSICION MUSICAL | |
| 650 | 4 | _aCOMPOSITORES | |
| 650 | 4 | _aAPRECIACION MUSICAL | |
| 700 | 1 |
_aHemsy de Gainza, Violeta _eprologuista |
|
| 700 | 1 |
_aSpitta, Beatriz _etraductor |
|
| 942 | _cBK | ||
| 998 | _cCARMEN | ||
| 999 |
_c10570 _d10570 |
||